00453nam a2200181Ia 4500008004100000020001400041050001400055100001800069245005100087245003400138260001500172260001600187260000900203300001400212300002700226300001000253500000800263170918s9999 xx 000 0 und d a439102731 bD898 1998 aDunbar, Joyce aTell me something happy before I go to sleep / cJoyce Dunbar and Debi Gliori. aNew York : bScholastic, c1998 aunpaged : bcolored illustration ; c27cm. a260